Statistics for Oldest continuously inhabited cities in the world

Click here to take the quiz!

General Stats

  • This quiz has been taken 200 times
  • The average score is 9 of 37

Answer Stats

Answer% Correct
Athens
96%
Jerusalem
90%
Damascus
78%
Beijing
65%
Beirut
64%
Lisbon
64%
Aleppo
52%
Jaffa
52%
Luxor
45%
Gaza
36%
Xian
34%
Jericho
29%
Thebes
28%
Tyre
22%
Cadiz
19%
Plovdiv
17%
Argos
15%
Erbil
15%
Hebron
15%
Luoyang
15%
Byblos
12%
Sidon
11%
Larnaca
10%
Patras
8%
Susa
8%
Chania
7%
Gaziantep
7%
Kirkuk
7%
Zadar
4%
Balkh
3%
Kutaisi
3%
Chalcis
2%
Jenin
2%
Matera
2%
Mtskheta
1%
Rey
1%
Trikala
1%

Score Distribution

Percentile by Number Answered

Percent of People with Each Score

Your Score History

You have not taken this quiz